Normal view
MARC view
- تاليف العفيف، أحمد خليف، م.مشارك صالح، قاسم محمد، م.مشارك الزبزن، محمد سليم
Entry Personal Name
001 - CONTROL NUMBER
- control field: 32939
003 - CONTROL NUMBER IDENTIFIER
- control field: JO-AjAnu
005 - DATE AND TIME OF LATEST TRANSACTION
- control field: 20230606075530.0
008 - FIXED-LENGTH DATA ELEMENTS
- fixed length control field: 230606|| aca||aabn | a|a d
040 ## - CATALOGING SOURCE
- Original cataloging agency: JO-AjAnu
- Transcribing agency: JO-AjAnu
100 ## - HEADING--PERSONAL NAME
- Personal name: تاليف العفيف، أحمد خليف، م.مشارك صالح، قاسم محمد، م.مشارك الزبزن، محمد سليم
670 ## - SOURCE DATA FOUND
- Source citation: Work cat.: (JO-AjAnu)16923: تاليف العفيف، أحمد خليف، م.مشارك صالح، قاسم محمد، م.مشارك الزبزن، محمد سليم, author, التربية الوطنية